Dos guiones.
Saved in:
| Hovedforfatter: | |
|---|---|
| Format: | Ukendt |
| Sprog: | engelsk |
| Udgivet: |
Santiago, Chile:
Sangría editora,
2017.
|
| Serier: | Texto en Acción / Guión audiovisual,
|
| Fag: | |
| Tags: |
Tilføj Tag
Ingen Tags, Vær først til at tagge denne postø!
|
MARC
| LEADER | 00000 a2200000 4500 | ||
|---|---|---|---|
| 003 | CL-VaPUC | ||
| 005 | 20230607090921.0 | ||
| 008 | 230531t2017 ||||| |||| 00| 0 eng d | ||
| 999 | |c 440771 |d 440769 | ||
| 020 | |a 978-956-8681-49-4 | ||
| 040 | |c Pontificia Universidad Católica de Valparaíso | ||
| 082 | |2 22 |a Ch862 ELT 2017 | ||
| 100 | |9 354202 |a Eltit, Diamela |e autora | ||
| 245 | |a Dos guiones. | ||
| 260 | |a Santiago, Chile: |b Sangría editora, |c 2017. | ||
| 300 | |a 82 páginas. | ||
| 490 | |a Texto en Acción / Guión audiovisual, |n 11. | ||
| 583 | |k Catalogador Asistente |c 20230531 | ||
| 650 | 0 | |9 266701 |a Teatro chileno |x Mediometrajes |x Obras de teatro | |
| 650 | 0 | |9 308278 |a Literatura chilena |x Guiones de teatro | |
| 942 | |2 ddc |c BK | ||
| 952 | |0 0 |1 0 |2 ddc |4 0 |6 CH_862_000000000000000_ELT_2017 |7 0 |8 A |9 590181 |a BIBART |b BIBART |c GEN |d 2023-05-25 |e 181 |g 7000.00 |i 5657530 |o Ch862 ELT 2017 |p 5657530 |r 2025-03-13 |t 1 |v 7000.00 |w 2023-05-25 |y BK |k ART | ||